[Event "Miedzynarodowy Festiwal Szachowy VARSOVIA 2019 - grupa A"]
[Site "Warszawa"]
[Date "1899-12-30"]
[Round "2.25"]
[White "Jarocka, Liwia"]
[Black "Praczukowski, Stanislaw"]
[Result "1/2-1/2"]
[WhiteTitle "FM"]
[BlackTitle "k"]
[WhiteElo "1907"]
[BlackElo "2078"]

1. e4 e5 2. Nf3 Nc6 3. Nc3 Nf6 4. Bb5 Bb4 5. O-O O-O 6. d3 Bxc3 7. bxc3 d6 8. h3
Ne7 9. Ba4 Ng6 10. Bb3 Qe7 11. Re1 h6 12. Nh2 Kh7 13. g4 Be6 14. Qf3 Nh4 15. Qg3
g5 16. Nf1 d5 17. Nd2 dxe4 18. dxe4 Rad8 19. Nf3 Nxf3+ 20. Qxf3 c5 21. Bxe6 Qxe6
22. Be3 b6 23. a4 Rd6 24. a5 Kg7 25. Qf5 Qxf5 26. exf5 Nd5 27. axb6 axb6 28. Ra6
Nxe3 29. Rxe3 Rd2 30. Rxb6 Rxc2 31. Rc6 Rd8 32. Rxe5 Rxc3 33. Kg2 c4 34. Re4 Rc2
35. Rexc4 Rxc4 36. Rxc4 Rd3 37. Re4 Kf6 38. Rb4 Ra3 39. Rb6+ Kg7 40. Rb4 Kf6 41.
f3 Rc3 42. Rb6+ Kg7 43. Kg3 Ra3 44. Rb1 Kf6 45. Rh1 h5 46. gxh5 Kxf5 47. Rb1 Ra4
48. Rb5+ Kf6 49. Rb6+ Kf5 50. Rb7 Kf6 51. Rb6+ Kf5 52. Rb7 Ke5 1/2-1/2

[Event "Miedzynarodowy Festiwal Szachowy VARSOVIA 2019 - grupa A"]
[Site "Warszawa"]
[Date "1899-12-30"]
[Round "2.26"]
[White "Golecki, Jan"]
[Black "Zarebska, Lena"]
[Result "1-0"]
[WhiteTitle "I++"]
[BlackTitle "I++"]
[WhiteElo "2053"]
[BlackElo "1915"]

1. e4 c5 2. Nf3 Nc6 3. Bb5 e6 4. O-O Nge7 5. Re1 a6 6. Bf1 Ng6 7. c3 Be7 8. d4
cxd4 9. cxd4 d5 10. e5 O-O 11. Nc3 Bd7 12. Bd3 Rc8 13. g3 Nb4 14. Bb1 Qe8 15.
h4 f5 16. exf6 Rxf6 17. a3 Nc6 18. Qd3 Nf8 19. Bg5 Rf7 20. Kg2 Qd8 21. Rh1 Bf6
22. Bc2 b5 23. Bf4 Be8 24. Rae1 Rb7 25. h5 Qb6 26. Rxe6 Qa7 27. Nxd5 Bxd4 28.
Bd6 Nb4 29. Nxb4 Rxc2 30. Nxc2 Nxe6 31. Ncxd4 Nxd4 32. Qxd4 Qa8 33. Qd5+ 1-0

[Event "Miedzynarodowy Festiwal Szachowy VARSOVIA 2019 - grupa A"]
[Site "Warszawa"]
[Date "1899-12-30"]
[Round "2.27"]
[White "Wojtaszewski, Piotr"]
[Black "Janeczko, Jakub"]
[Result "1/2-1/2"]
[WhiteTitle "I++"]
[BlackTitle "I"]
[WhiteElo "2045"]
[BlackElo "1906"]

1. c4 c5 2. Nc3 Nf6 3. g3 d5 4. cxd5 Nxd5 5. Bg2 Nc7 6. Nf3 Nc6 7. O-O e5 8. d3
Be7 9. Be3 O-O 10. Rc1 Be6 11. b3 f6 12. Ne4 b6 13. h4 Qd7 14. Kh2 Nd5 15. Bd2
Rac8 16. Nc3 Nd4 17. e3 Nxc3 18. Bxc3 Nb5 19. Bb2 Rfd8 20. Re1 Bf5 21. a4 Nc7
22. d4 cxd4 23. exd4 Bb4 24. Rf1 e4 25. Nd2 Bxd2 26. Qxd2 Qe6 27. Rc4 Nd5 28.
Rfc1 h6 29. Qe2 Rxc4 30. bxc4 Nb4 31. d5 Qe8 32. Ra1 Nd3 33. a5 b5 34. cxb5 Qxb5
35. Bd4 a6 36. Bxe4 Bxe4 37. Qxe4 Qxd5 38. Qxd5+ Rxd5 39. Bb6 Nc5 40. Rc1 Nb3
41. Rc8+ Kh7 42. Ra8 Nxa5 43. Rxa6 Nc4 44. Be3 Nxe3 45. fxe3 Rd2+ 46. Kh3 h5 47.
g4 Rd3 48. Re6 Kg6 49. Re7 hxg4+ 50. Kxg4 f5+ 51. Kf4 Kf6 52. Ra7 g6 53. Ra6+
Kf7 54. Rb6 Ra3 55. h5 Ra4+ 56. Kg5 Rg4+ 57. Kh6 gxh5 58. Kxh5 Rg3 59. Ra6 Rxe3
60. Kg5 Rf3 61. Rf6+ 1/2-1/2

[Event "Miedzynarodowy Festiwal Szachowy VARSOVIA 2019 - grupa A"]
[Site "Warszawa"]
[Date "1899-12-30"]
[Round "3.1"]
[White "Czerwonski, Aleksander"]
[Black "Kislinsky, Alexey"]
[Result "0-1"]
[WhiteTitle "IM"]
[BlackTitle "GM"]
[WhiteElo "2358"]
[BlackElo "2460"]

1. d4 Nf6 2. c4 c5 3. d5 g6 4. Nc3 Bg7 5. e4 d6 6. f3 e6 7. Nge2 exd5 8. cxd5 Nbd7
9. Ng3 h5 10. Be2 Nh7 11. Be3 O-O 12. Qd2 a6 13. Bh6 b5 14. Bxg7 Kxg7 15. O-O
Rb8 16. Rae1 c4 17. f4 Qb6+ 18. Rf2 h4 19. Nf1 Re8 20. Ne3 Nhf6 21. Bf3 Nc5 22.
e5 dxe5 23. Nxc4 bxc4 24. fxe5 Ng4 25. Bxg4 Bxg4 26. Rf6 Ne4+ 27. Rxb6 Nxd2 28.
Rxa6 Rxb2 29. Ra7 Kf8 30. d6 h3 31. Nd5 hxg2 0-1

[Event "Miedzynarodowy Festiwal Szachowy VARSOVIA 2019 - grupa A"]
[Site "Warszawa"]
[Date "1899-12-30"]
[Round "3.2"]
[White "Martins, David Pires Tavares"]
[Black "Kowalczyk, Rafal"]
[Result "0-1"]
[WhiteTitle "IM"]
[BlackTitle "k++"]
[WhiteElo "2422"]
[BlackElo "2242"]

1. Nf3 Nf6 2. b3 d5 3. Bb2 Bf5 4. Nh4 Bc8 5. Nf3 Bf5 6. Nh4 Bc8 7. e3 c6 8. c4
g6 9. Be2 Bg7 10. O-O O-O 11. Nc3 e5 12. Nf3 d4 13. Na4 d3 14. Bxd3 Qxd3 15. Nxe5
Qd8 16. f4 Nbd7 17. Qf3 Nxe5 18. fxe5 Ng4 19. d4 f6 20. Ba3 Rf7 21. Nc5 Qe8 22.
e6 Bxe6 23. h3 Nh6 24. Ne4 Qd8 25. Rad1 Qa5 26. Bc1 Rd8 27. Nc5 Bc8 28. a3 f5
29. Bb2 Qc7 30. Rf2 Re7 31. Re2 Nf7 32. h4 Nh6 33. Nd3 f4 0-1

[Event "Miedzynarodowy Festiwal Szachowy VARSOVIA 2019 - grupa A"]
[Site "Warszawa"]
[Date "1899-12-30"]
[Round "3.3"]
[White "Seemann, Jakub"]
[Black "Eggink, Ryszard"]
[Result "1-0"]
[WhiteTitle "I+"]
[BlackTitle "m"]
[WhiteElo "2050"]
[BlackElo "2402"]

1. e4 c5 2. Nf3 d6 3. d4 cxd4 4. Nxd4 Nf6 5. Nc3 a6 6. Bg5 Nbd7 7. f4 Qc7 8. Qf3
h6 9. Bxf6 Nxf6 10. f5 Qc5 11. O-O-O g5 12. e5 dxe5 13. Ndb5 e4 14. Nxe4 Nxe4
15. Qxe4 axb5 16. Rd5 1-0

[Event "Miedzynarodowy Festiwal Szachowy VARSOVIA 2019 - grupa A"]
[Site "Warszawa"]
[Date "1899-12-30"]
[Round "3.4"]
[White "Vysochin, Spartak"]
[Black "Dzida, Kamil"]
[Result "0-1"]
[WhiteTitle "GM"]
[BlackTitle "k"]
[WhiteElo "2512"]
[BlackElo "2090"]

1. e4 c5 2. c3 d6 3. d4 Nf6 4. f3 Nbd7 5. Be3 g6 6. Bd3 Bg7 7. Ne2 O-O 8. O-O b6
9. Nd2 Qc7 10. a4 a6 11. b4 Bb7 12. Qb1 e6 13. Qa2 b5 14. bxc5 dxc5 15. Qb2 c4
16. Bc2 Bc6 17. Ra2 Rfb8 18. Rfa1 Qb7 19. Bf4 Rd8 20. Rb1 Qc8 21. Qa1 Bf8 22.
e5 Nd5 23. Bg5 Re8 24. Ne4 b4 25. cxb4 Nxb4 26. Rab2 a5 27. N2c3 Bxe4 28. Bxe4
Rb8 29. Rc1 Nb6 30. Rd1 Qd7 31. Rbb1 Rec8 32. Rbc1 Nd3 33. Bxd3 Qxd4+ 34. Kf1
cxd3 35. Ne4 Qxa1 36. Rxa1 h6 37. Be3 Nc4 38. Rxd3 Nxe5 39. Rdd1 Nc4 40. Bd4 Bg7
41. Kg1 Bxd4+ 42. Rxd4 Ne3 43. Rd3 Nd5 44. Rd2 Rc6 45. h4 Kg7 46. Kf2 Rb4 47.
Kg3 f5 48. Nf2 Rc3 49. Re1 Re3 50. Rc1 g5 51. hxg5 hxg5 52. Rc6 Nf6 53. Nh3 Ne4+
0-1

[Event "Miedzynarodowy Festiwal Szachowy VARSOVIA 2019 - grupa A"]
[Site "Warszawa"]
[Date "1899-12-30"]
[Round "3.5"]
[White "Chylewski, Patryk"]
[Black "Luczak, Filip"]
[Result "1/2-1/2"]
[WhiteTitle "FM"]
[BlackTitle "CM"]
[WhiteElo "2357"]
[BlackElo "2137"]

1. d4 g6 2. e4 Bg7 3. Nc3 a6 4. f4 d6 5. Nf3 Nd7 6. a4 e6 7. Bd3 c5 8. dxc5 Nxc5
9. Be3 Nf6 10. Bxc5 dxc5 11. e5 Nd5 12. Nxd5 exd5 13. O-O O-O 14. f5 c4 15. f6
Bh6 16. Be2 Re8 17. Qd4 Qc7 18. h4 Bf5 19. Qxd5 Be3+ 20. Kh1 Rac8 21. Qd1 Rxe5
22. Nxe5 Qxe5 23. Bg4 Bb6 24. Rxf5 gxf5 25. Qd7 Rc5 26. Bxf5 Qxf6 27. Bh3 Bc7
28. Re1 Re5 1/2-1/2

[Event "Miedzynarodowy Festiwal Szachowy VARSOVIA 2019 - grupa A"]
[Site "Warszawa"]
[Date "1899-12-30"]
[Round "3.6"]
[White "Niekras, Dawid"]
[Black "Fiszer, Bartosz"]
[Result "1/2-1/2"]
[WhiteTitle "FM"]
[BlackTitle "CM"]
[WhiteElo "2331"]
[BlackElo "2146"]

1. e4 c5 2. Nf3 Nc6 3. d4 cxd4 4. Nxd4 e5 5. Nb5 d6 6. N1c3 a6 7. Na3 Be7 8. Nc4
b5 9. Ne3 Nf6 10. Bd3 O-O 11. O-O Rb8 12. a4 Nb4 13. f4 exf4 14. Rxf4 Nd7 15.
Nf5 Ne5 16. Nxe7+ Qxe7 17. Be2 Qa7+ 18. Kh1 Qc5 19. axb5 axb5 20. Ra5 Bd7 21.
Bd2 Ra8 22. Rxa8 Rxa8 23. Qc1 Nc4 24. Bxc4 bxc4 25. h3 Be6 26. Rf3 Qc6 27. Rg3
g6 28. Bh6 Qc5 29. Be3 Qe5 30. Bf4 Qd4 31. Kh2 h5 32. Be3 Qe5 33. Bf4 Qd4 34.
Be3 Qe5 35. Bf4 Qd4 36. Be3 1/2-1/2

[Event "Miedzynarodowy Festiwal Szachowy VARSOVIA 2019 - grupa A"]
[Site "Warszawa"]
[Date "1899-12-30"]
[Round "3.7"]
[White "Kubicka, Anna"]
[Black "Pacan-milej, Kosma"]
[Result "1/2-1/2"]
[WhiteTitle "WIM"]
[BlackTitle "FM"]
[WhiteElo "2221"]
[BlackElo "2315"]

1. Nf3 f5 2. d3 Nc6 3. e4 e5 4. Nc3 Nf6 5. exf5 d5 6. d4 e4 7. Ne5 Bxf5 8. Bb5
Qd6 9. g4 Bc8 10. Bf4 Qe6 11. g5 Nd7 12. Qh5+ g6 13. Qg4 Ndxe5 14. Qxe6+ Bxe6
15. Bxe5 Rg8 16. Bxc7 Rc8 17. Be5 1/2-1/2

[Event "Miedzynarodowy Festiwal Szachowy VARSOVIA 2019 - grupa A"]
[Site "Warszawa"]
[Date "1899-12-30"]
[Round "3.8"]
[White "Kokoszczynski, Jan"]
[Black "Wikar, Martyna"]
[Result "1-0"]
[WhiteTitle "k"]
[BlackTitle "k+"]
[WhiteElo "2264"]
[BlackElo "1978"]

1. e4 c6 2. d4 d5 3. exd5 cxd5 4. Bd3 Nc6 5. c3 g6 6. Bf4 Bg7 7. Nf3 f6 8. O-O
Nh6 9. Re1 O-O 10. c4 Nf7 11. cxd5 Qxd5 12. Nc3 Qa5 13. d5 Nb4 14. Rxe7 Nxd5 15.
Nxd5 Qxd5 16. Be4 Qb5 17. Qb3 Qxb3 18. axb3 g5 19. Bc7 f5 20. Bd5 Bf6 21. Rae1
Bxe7 22. Rxe7 Kg7 23. Nxg5 Kf6 24. Rxf7+ Rxf7 25. Nxf7 Be6 26. Bxe6 Kxe6 27. Ng5+
Kf6 28. h4 Rc8 29. Bf4 Rc2 30. Nf3 Re2 31. g3 h5 32. Bg5+ Kg6 33. Nd2 Re1+ 34.
Kg2 b5 35. b4 Kf7 36. Be3 Rd1 37. Kf3 Kg6 38. Nb3 a6 39. Nc5 Ra1 40. Nb3 Rd1 41.
Kf4 Kf6 42. Nd4 Ra1 43. Nxf5 Ra4 44. Bd4+ Kf7 45. Bc3 a5 46. Kg5 axb4 47. Bd4
Ke6 48. Ne3 b3 49. Bc3 b4 50. Bd4 Ra5+ 51. Kf4 Ra8 52. Ke4 Rf8 53. f4 Kd5+ 1-0

[Event "Miedzynarodowy Festiwal Szachowy VARSOVIA 2019 - grupa A"]
[Site "Warszawa"]
[Date "1899-12-30"]
[Round "3.9"]
[White "Mikhaletz, Lubomir"]
[Black "Rudzinska, Michalina"]
[Result "1-0"]
[WhiteTitle "GM"]
[BlackTitle "WFM"]
[WhiteElo "2386"]
[BlackElo "2005"]

1. d4 Nf6 2. Bg5 e6 3. e3 c5 4. c3 Be7 5. Nd2 b6 6. Ngf3 Bb7 7. Bd3 O-O 8. Qc2
h6 9. h4 Ng4 10. Bf4 d6 11. Ne4 Nc6 12. Nfg5 e5 13. f3 exf4 14. fxg4 hxg5 15.
hxg5 g6 16. exf4 d5 17. Qf2 Kg7 18. Rh7+ Kxh7 19. Qh4+ Kg8 20. Nf6+ Bxf6 21. gxf6
Qd6 22. g5 Nxd4 23. cxd4 Rfe8+ 24. Kd2 Re4 25. Bxe4 dxe4 26. Rh1 Qxd4+ 27. Kc1
1-0

[Event "Miedzynarodowy Festiwal Szachowy VARSOVIA 2019 - grupa A"]
[Site "Warszawa"]
[Date "1899-12-30"]
[Round "3.10"]
[White "Licznerski, Lukasz"]
[Black "Smieszek, Wojciech"]
[Result "1-0"]
[WhiteTitle "FM"]
[BlackTitle "k"]
[WhiteElo "2373"]
[BlackElo "2140"]

1. e4 c5 2. Nf3 g6 3. d4 cxd4 4. Nxd4 Nc6 5. Be2 Bg7 6. Nb3 Nf6 7. Nc3 O-O 8. O-O
d6 9. Re1 Be6 10. Bf1 Rc8 11. Nd5 Ne5 12. c3 Nc4 13. Bxc4 Rxc4 14. Qd3 b5 15.
Bg5 Re8 16. Nxf6+ exf6 17. Be3 f5 18. exf5 Bxf5 19. Qd2 Rce4 20. Rad1 Qh4 21.
Nd4 Bd7 22. Nf3 Qh5 23. Qxd6 Bf5 24. Bxa7 Bf8 25. Rxe4 Bxe4 26. Qf4 Bh6 27. Qg3
Bc2 28. Re1 Rxe1+ 29. Nxe1 Qd1 30. Qb8+ Bf8 31. Qe8 Kg7 32. Bd4+ f6 33. Bxf6+
Kxf6 34. Qxf8+ Ke6 35. Qe8+ Kf6 36. h4 Bb1 37. a3 Qc1 38. Qe2 Ba2 39. Kh2 Qf4+
40. g3 Qc1 41. Nf3 Kg7 42. Qxb5 1-0

[Event "Miedzynarodowy Festiwal Szachowy VARSOVIA 2019 - grupa A"]
[Site "Warszawa"]
[Date "1899-12-30"]
[Round "3.11"]
[White "Kolasinski, Krzysztof"]
[Black "Kowalski, Igor"]
[Result "0-1"]
[WhiteTitle "I++"]
[BlackTitle "FM"]
[WhiteElo "2115"]
[BlackElo "2354"]

1. d4 Nf6 2. c4 g6 3. Nc3 Bg7 4. e4 d6 5. Be2 O-O 6. Bg5 Na6 7. f4 c6 8. Nf3 Nc7
9. Bh4 Nd7 10. O-O Ne6 11. f5 Nf4 12. Qd2 Nxe2+ 13. Qxe2 h6 14. Rad1 g5 15. Bf2
e6 16. g4 exf5 17. gxf5 Re8 18. Kh1 Nf6 19. Qc2 Nxe4 20. Nxe4 Bxf5 21. Rde1 d5
22. cxd5 cxd5 23. Nfd2 dxe4 24. Be3 Be6 25. Nb3 b6 26. h4 f5 27. d5 Bd7 28. Qg2
f4 29. Bd4 f3 30. Qg3 Bxd4 31. Nxd4 Qf6 32. Nc2 Qf4 33. Qf2 Bh3 0-1

[Event "Miedzynarodowy Festiwal Szachowy VARSOVIA 2019 - grupa A"]
[Site "Warszawa"]
[Date "1899-12-30"]
[Round "3.12"]
[White "Chyzy, Jakub"]
[Black "Malicka, Maria"]
[Result "1/2-1/2"]
[WhiteTitle "FM"]
[BlackTitle "WCM"]
[WhiteElo "2291"]
[BlackElo "2104"]

1. e4 c5 2. Nf3 d6 3. d4 cxd4 4. Qxd4 Nc6 5. Bb5 a6 6. Bxc6+ bxc6 7. O-O e5 8.
Qd3 Qc7 9. c4 Be7 10. Nc3 Nf6 11. h3 O-O 12. Be3 Rd8 13. Rfc1 Qb7 14. Na4 Be6
15. Bb6 Rd7 16. c5 d5 17. Nxe5 dxe4 18. Qe3 Rd5 19. f4 exf3 20. Nxf3 Nd7 21. b4
Bf6 22. Rab1 Ne5 23. Rd1 Nxf3+ 24. Qxf3 Rxd1+ 25. Rxd1 Bxa2 26. Qe3 Bd5 27. Ba5
Rf8 28. Nb6 Be6 29. Qe4 Bd8 30. Rd6 Bxb6 31. Bxb6 Bd5 32. Qe1 Qc8 33. Qe7 Re8
34. Rd8 Qxd8 35. Qxd8 Rxd8 36. Bxd8 f5 37. Kf2 Kf7 38. g4 f4 39. Bg5 f3 40. Bf4
Ke6 41. Bc7 g6 42. Bf4 h5 43. gxh5 gxh5 44. h4 Kf5 45. Bg5 Ke4 46. Bd8 Kd3 47.
Bc7 Kc4 48. Ba5 Be4 1/2-1/2

[Event "Miedzynarodowy Festiwal Szachowy VARSOVIA 2019 - grupa A"]
[Site "Warszawa"]
[Date "1899-12-30"]
[Round "3.13"]
[White "Czernek, Tymon"]
[Black "Chomczyk, Marek"]
[Result "0-1"]
[WhiteTitle "I++"]
[BlackTitle "k++"]
[WhiteElo "2097"]
[BlackElo "2274"]

1. e4 e5 2. Nf3 Nc6 3. Bc4 Bc5 4. c3 Nf6 5. d4 exd4 6. e5 d5 7. Bb5 Ne4 8. cxd4
Bb6 9. Nc3 O-O 10. Be3 Bg4 11. h3 Bh5 12. O-O f6 13. g4 Bg6 14. Bxc6 bxc6 15.
exf6 Qxf6 16. Ne5 Qh4 17. Kg2 Rae8 18. Nxg6 hxg6 19. Nxe4 Rxe4 20. Rc1 Qf6 21.
Qb3 Bxd4 22. Bxd4 Rxd4 23. Qc3 Qf4 24. Rc2 c5 25. f3 c4 26. Qa5 Rd3 27. Rcf2 Kh7
28. Qxa7 c3 29. Qa6 Rd2 30. Rxd2 Qxd2+ 31. Rf2 Qd4 32. bxc3 Qxc3 33. Qe2 c5 34.
Qe7 Rf6 35. a4 d4 36. Qd8 c4 37. a5 d3 38. h4 Qe5 39. Kf1 Rd6 40. Qc7 c3 41. h5
d2 42. hxg6+ Kxg6 43. a6 Qg3 44. Rxd2 cxd2 45. Qc2+ Kh6 0-1

[Event "Miedzynarodowy Festiwal Szachowy VARSOVIA 2019 - grupa A"]
[Site "Warszawa"]
[Date "1899-12-30"]
[Round "3.14"]
[White "Goraj, Barbara"]
[Black "Bukojemski, Adam"]
[Result "0-1"]
[WhiteTitle "WCM"]
[BlackTitle "k"]
[WhiteElo "2044"]
[BlackElo "2219"]

1. e4 c5 2. Nf3 e6 3. d4 cxd4 4. Nxd4 Nf6 5. Nc3 d6 6. Be2 Be7 7. O-O Bd7 8. Be3
Nc6 9. Nb3 O-O 10. f4 a5 11. a4 Nb4 12. Bf3 e5 13. Nb5 Bxb5 14. axb5 a4 15. Nc1
exf4 16. Bd4 Qd7 17. c3 Qxb5 18. cxb4 Qxb4 19. Ne2 g5 20. Nc3 Rfc8 21. Be2 b5
22. Kh1 Rab8 23. Nd5 Nxd5 24. exd5 Bf8 25. Bc3 Qc5 26. Qd4 Qxd4 27. Bxd4 Bg7 28.
Bxg7 Kxg7 29. Rac1 Re8 30. Bf3 Re3 31. Kg1 Rb3 32. Rf2 Re8 33. Kf1 f5 34. Bd1
Rd3 35. Bf3 Ree3 36. Re1 Kf6 37. h3 Ke5 38. Rfe2 b4 39. Kf2 Kd4 40. Rc1 Rxe2+
41. Bxe2 Rb3 42. Rd1+ Ke5 43. Rd2 a3 44. bxa3 bxa3 45. Bc4 Rb2 46. Rxb2 axb2 47.
Ba2 h5 48. Ke2 g4 49. h4 f3+ 50. gxf3 Kf4 51. fxg4 fxg4 52. Kf2 g3+ 53. Kg2 Kg4
54. Bb1 Kxh4 0-1

[Event "Miedzynarodowy Festiwal Szachowy VARSOVIA 2019 - grupa A"]
[Site "Warszawa"]
[Date "1899-12-30"]
[Round "3.15"]
[White "Siekanski, Janusz"]
[Black "Golecki, Jan"]
[Result "1/2-1/2"]
[WhiteTitle "k"]
[BlackTitle "I++"]
[WhiteElo "2206"]
[BlackElo "2053"]

1. d4 d5 2. c4 e6 3. Nc3 Nf6 4. cxd5 exd5 5. Bg5 c6 6. e3 Bf5 7. Qf3 Bg6 8. Bxf6
Qxf6 9. Qxf6 gxf6 10. Nf3 Nd7 11. Nh4 Be7 12. Ne2 f5 13. g3 Bxh4 14. gxh4 Ke7
15. Nf4 h5 16. Bd3 Nf8 17. Rg1 Kf6 18. Ke2 Ne6 19. Kf3 a5 20. a4 Rac8 21. Ra3
Rc7 22. Rb3 Rd8 23. Rb6 Ra8 24. Be2 Re8 25. Bd3 Ra8 26. h3 Rd7 27. Rc1 Ra7 28.
Rc3 Kg7 29. Kg3 Re7 30. Rcb3 Kh6 31. Nxe6 fxe6 32. Kf4 Kg7 33. Ke5 Kf7 34. Kd6
Kf6 35. f4 Be8 36. Kc5 Rg7 37. Rc3 Ra8 38. Bf1 Rg1 39. Rc1 Rg7 1/2-1/2

[Event "Miedzynarodowy Festiwal Szachowy VARSOVIA 2019 - grupa A"]
[Site "Warszawa"]
[Date "1899-12-30"]
[Round "3.16"]
[White "Starosta, Martyna"]
[Black "Adamski, Jan"]
[Result "1/2-1/2"]
[WhiteTitle "WCM"]
[BlackTitle "IM"]
[WhiteElo "2019"]
[BlackElo "2170"]

1. e4 c5 2. Nf3 e6 3. d4 cxd4 4. Nxd4 a6 5. c4 Nf6 6. Nc3 Qc7 7. a3 b6 8. Be3 Bb7
9. f3 d6 10. Qd2 Be7 11. Rc1 O-O 12. Qf2 Nbd7 13. b4 Rac8 14. Nb3 Bd8 15. Be2
Qb8 16. O-O Bc7 17. g3 Rfe8 18. Kg2 d5 19. exd5 exd5 20. c5 bxc5 21. Nxc5 d4 22.
Nxd7 dxe3 23. Nxf6+ gxf6 24. Qe1 Be5 25. Na4 Bc6 26. Nc5 Bb5 27. Rc2 Bd4 28. Qc1
Bxe2 29. Rxe2 Qb5 30. Rc2 Bxc5 31. bxc5 Rc6 32. Re1 Re5 1/2-1/2

[Event "Miedzynarodowy Festiwal Szachowy VARSOVIA 2019 - grupa A"]
[Site "Warszawa"]
[Date "1899-12-30"]
[Round "3.17"]
[White "Stachanczyk, Jacek"]
[Black "Karwacki, Piotr"]
[Result "1-0"]
[WhiteTitle "IM"]
[BlackTitle "I"]
[WhiteElo "2160"]
[BlackElo "1952"]

1. c4 e5 2. g3 Nf6 3. Bg2 c6 4. Nf3 e4 5. Nd4 d5 6. cxd5 cxd5 7. Nc3 Nc6 8. Nxc6
bxc6 9. d4 c5 10. O-O Be6 11. Bg5 h6 12. Bxf6 gxf6 13. dxc5 Bxc5 14. Rc1 Rc8 15.
e3 f5 16. Ne2 O-O 17. Nd4 Bxd4 18. Qxd4 Qb6 19. Qf6 Bd7 20. Qe5 Qa5 21. a3 Rxc1
22. Rxc1 Qd2 23. Qc3 Qxc3 24. Rxc3 Rc8 25. Rxc8+ Bxc8 26. Kf1 Kf8 27. Ke1 Ke7
28. Kd2 Kd6 29. Kc3 Kc5 30. Bf1 a5 31. b4+ axb4+ 32. axb4+ Kd6 33. Kd4 f6 34.
Bb5 Bb7 35. Be8 Ba6 36. Bg6 Bc8 37. Bf7 Bb7 38. b5 Ba8 39. Bg6 Bb7 40. Bxf5 Ba8
41. Bc8 Kc7 42. Ba6 Kb6 43. g4 1-0

[Event "Miedzynarodowy Festiwal Szachowy VARSOVIA 2019 - grupa A"]
[Site "Warszawa"]
[Date "1899-12-30"]
[Round "3.18"]
[White "Harazinska, Magdalena"]
[Black "Goslawski, Michal"]
[Result "1/2-1/2"]
[WhiteTitle "WFM"]
[BlackTitle "k+"]
[WhiteElo "1994"]
[BlackElo "2157"]

1. d4 Nf6 2. c4 e6 3. Nc3 d5 4. cxd5 Nxd5 5. e4 Nxc3 6. bxc3 c5 7. Nf3 cxd4 8.
cxd4 Bb4+ 9. Bd2 Bxd2+ 10. Qxd2 O-O 11. Be2 b6 12. O-O Bb7 13. Qe3 Nd7 14. Rac1
Rc8 15. Bd3 Qe7 16. e5 Rfd8 17. Ng5 Nf8 18. Ne4 Bxe4 19. Bxe4 Rxc1 20. Rxc1 Qb4
21. Rd1 Qb2 22. Qd2 Qxd2 23. Rxd2 Ng6 24. Bxg6 hxg6 25. f3 Rd5 26. Kf2 Ra5 27.
Ke3 g5 28. g4 Kf8 29. Rc2 Ke7 30. Ke4 Kd7 31. f4 gxf4 32. Kxf4 Ra4 33. Rd2 b5
34. h4 Ke7 35. h5 Kf8 36. g5 Rc4 37. h6 Kg8 38. Ke4 a5 39. Kd3 Rc1 40. Rb2 b4
41. Rc2 Ra1 42. Kc4 Kh7 43. Rh2 Rd1 44. Kc5 Rd3 45. Kc4 Rd1 46. Kc5 Kg8 47. Rb2
Rd3 48. Kc4 Ra3 49. Kb5 Kh7 50. Rh2 b3 51. axb3 Rxb3+ 52. Kxa5 Rg3 53. Kb4 Rxg5
54. hxg7+ Kxg7 55. Kc5 Rg1 56. Rd2 Ra1 1/2-1/2

[Event "Miedzynarodowy Festiwal Szachowy VARSOVIA 2019 - grupa A"]
[Site "Warszawa"]
[Date "1899-12-30"]
[Round "3.19"]
[White "Rahul Kumar, Pune"]
[Black "Siekanska, Maria"]
[Result "1-0"]
[WhiteTitle ""]
[BlackTitle "I++"]
[WhiteElo "2148"]
[BlackElo "1773"]

1. d4 d5 2. Bf4 e6 3. e3 c5 4. c3 Nf6 5. Nf3 Bd6 6. Bg3 O-O 7. Nbd2 Nc6 8. Ne5
Qc7 9. f4 b6 10. Bd3 Bb7 11. O-O Rad8 12. Qf3 a6 13. Bh4 Be7 14. Qh3 Nxe5 15.
fxe5 Ne4 16. Rad1 b5 17. Rf4 cxd4 18. cxd4 f5 19. exf6 Bxf6 20. Bxf6 Nxf6 21.
Qxe6+ Kh8 22. Rdf1 Rfe8 23. Qh3 Bc8 24. Qf3 Qe7 25. Kh1 Kg8 26. e4 dxe4 27. Nxe4
Nxe4 28. Bxe4 g6 29. h4 Rf8 30. Rxf8+ Rxf8 31. Qxf8+ Qxf8 32. Rxf8+ Kxf8 33. b4
Ke7 34. Kg1 Kf6 35. Kf2 h6 36. Ke3 g5 37. g3 Ke6 38. Bg2 Kd6 39. Bf3 Ke7 40. hxg5
hxg5 41. Ke4 Kd6 42. Be2 Bd7 43. Bh5 Bc8 44. Bf7 Ke7 45. Bb3 Kd6 46. Bg8 Bd7 47.
Bf7 Ke7 48. Bd5 Kd6 49. Bb7 Kc7 50. Ba8 Kd6 51. Bd5 Bc8 52. Bg8 Bd7 53. d5 Bh3
54. Be6 Bg2+ 55. Kf5 Bxd5 56. Bxd5 Kxd5 57. Kxg5 Kc4 58. Kf4 Kxb4 59. g4 Ka3 60.
g5 Kxa2 61. g6 b4 62. g7 a5 63. g8=Q+ Ka3 64. Ke3 a4 65. Kd2 Kb2 66. Qc4 Ka3 67.
Kc1 b3 68. Kb1 1-0

[Event "Miedzynarodowy Festiwal Szachowy VARSOVIA 2019 - grupa A"]
[Site "Warszawa"]
[Date "1899-12-30"]
[Round "3.20"]
[White "Koziorowicz, Michal"]
[Black "Jarocka, Liwia"]
[Result "1/2-1/2"]
[WhiteTitle "k"]
[BlackTitle "FM"]
[WhiteElo "2184"]
[BlackElo "1907"]

1. e4 c5 2. Nf3 Nc6 3. d4 cxd4 4. Nxd4 Nf6 5. Nc3 d6 6. Bg5 e6 7. Qd2 a6 8. O-O-O
h6 9. Bxf6 Qxf6 10. Nxc6 bxc6 11. f4 Qd8 12. Bc4 Be7 13. Kb1 Rb8 14. Bb3 O-O 15.
g4 d5 16. h4 dxe4 17. Qe2 Qc7 18. Rdf1 c5 19. Rhg1 Rb4 20. g5 h5 21. g6 fxg6 22.
Rxg6 Rxf4 23. Rfg1 Bf6 24. a3 Rxb3 25. cxb3 Qe5 26. R6g5 Bxg5 27. Rxg5 Rf5 28.
Qxh5 Bd7 29. Qe2 Rxg5 30. hxg5 Bb5 31. Nxb5 axb5 32. Qxb5 Qxg5 33. Qe8+ Kh7 34.
Qxe6 e3 35. Qh3+ Kg6 36. Qe6+ Kh7 37. Qh3+ Kg8 38. Qc8+ Kf7 39. Qd7+ Kg8 1/2-1/2

[Event "Miedzynarodowy Festiwal Szachowy VARSOVIA 2019 - grupa A"]
[Site "Warszawa"]
[Date "1899-12-30"]
[Round "3.21"]
[White "Praczukowski, Stanislaw"]
[Black "Falkowski, Dawid"]
[Result "1-0"]
[WhiteTitle "k"]
[BlackTitle "k"]
[WhiteElo "2078"]
[BlackElo "1957"]

1. e4 e5 2. Nf3 Nc6 3. Bb5 f5 4. d3 Bc5 5. Nc3 Nf6 6. O-O d6 7. d4 exd4 8. Nxd4
Bxd4 9. Qxd4 O-O 10. Bxc6 bxc6 11. e5 Nd5 12. Re1 Be6 13. exd6 Qxd6 14. Na4 Rae8
15. Nc5 f4 16. Bd2 f3 17. c4 Nf4 18. Qxd6 cxd6 19. Bxf4 dxc5 20. Bd6 Rf5 21. Re3
fxg2 22. Rae1 Kf7 23. b3 Rg5 24. h4 Rg4 25. Bxc5 Rxh4 26. Kxg2 a6 27. Rd1 Rg4+
28. Kf1 Bc8 29. Rxe8 Kxe8 30. Re1+ Kd8 31. Bb6+ Kd7 32. Rd1+ Ke6 33. Bc5 Kd5 1-0

[Event "Miedzynarodowy Festiwal Szachowy VARSOVIA 2019 - grupa A"]
[Site "Warszawa"]
[Date "1899-12-30"]
[Round "3.22"]
[White "Czechowski, Jakub"]
[Black "Wojtaszewski, Piotr"]
[Result "0-1"]
[WhiteTitle "I+"]
[BlackTitle "I++"]
[WhiteElo "1963"]
[BlackElo "2045"]

1. e4 g6 2. d4 Bg7 3. Be3 Nf6 4. Nc3 c6 5. f3 b5 6. Qd2 h5 7. e5 Nd5 8. Nxd5 cxd5
9. Bd3 Qb6 10. Ne2 Nc6 11. f4 e6 12. Bf2 b4 13. Bh4 a5 14. h3 a4 15. Qe3 a3 16.
b3 d6 17. Qf2 Qc7 18. O-O Ne7 19. g4 hxg4 20. hxg4 Ba6 21. Rac1 Qd7 22. Kg2 Ng8
23. Rh1 f5 24. exf6 Bxd3 25. cxd3 Nxf6 26. Qf3 Rf8 27. Rhe1 Kf7 28. Ng1 Rac8 29.
Nh3 Kg8 30. Rxc8 Qxc8 31. Ng5 e5 32. dxe5 dxe5 33. fxe5 Ne4 34. Qh3 Qc2+ 35. Kh1
Nxg5 36. Bxg5 Bxe5 37. Qh6 Qxd3 38. Qh3 Qc2 39. Qh6 Qd3 0-1

[Event "Miedzynarodowy Festiwal Szachowy VARSOVIA 2019 - grupa A"]
[Site "Warszawa"]
[Date "1899-12-30"]
[Round "3.23"]
[White "Janeczko, Jakub"]
[Black "Derylo, Kamil"]
[Result "1/2-1/2"]
[WhiteTitle "I"]
[BlackTitle "I++"]
[WhiteElo "1906"]
[BlackElo "1999"]

1. e4 c5 2. Nf3 Nc6 3. d4 cxd4 4. Nxd4 Nf6 5. Nc3 e5 6. Ndb5 d6 7. Bg5 a6 8. Na3
b5 9. Nd5 Be7 10. Bxf6 Bxf6 11. c3 Ne7 12. Nxf6+ gxf6 13. Bd3 d5 14. O-O f5 15.
exf5 e4 16. f6 Nf5 17. Be2 Bb7 18. Nc2 Qxf6 19. Ne3 Rd8 20. Bg4 Ne7 21. Qd4 Qxd4
22. cxd4 Bc8 23. Be2 f5 24. f4 Nc6 25. Rfd1 Ke7 26. Rac1 Kd6 27. a3 Na5 28. b4
Nc4 29. Bxc4 dxc4 30. Kf2 Bd7 31. Ke2 Ra8 32. Kd2 Ra7 33. a4 Rc8 34. a5 Rf8 35.
Rg1 h5 36. Rcf1 Be6 37. Kc3 Raf7 38. Re1 Rg7 39. Re2 Rg6 40. Ree1 Rg7 41. Re2
Rg6 42. g3 Rg7 43. Reg2 Rh7 44. h4 Ke5 1/2-1/2